00698nam a2200241 a 4500001001300000003000900013005001700022008004100039020000900080082001600089100002300105245002000128260005400148300000900202500003500211505002700246650001600273700002300289902000800312942000700320952011400327999001500441nice12345678IN_TiNIC20260116011737.0050524s1977 hyda grp 000 0 urd  ac1000a891.41bALI aAli, Ahmad Jaleeli aShahr-E-Tamanna aHyderabad bMarkazi Anjuman Taleemus Salat c1977 a160p aincludes index and biblioraphy2 aAppendix, bibliography aUrdu-Poetry1 aAli, Ahmad Jaleeli bSRS cBK 001040708StackRoom-aHMIbHMId2007-06-18g10.00l0o891.41 ALIp09816r2007-06-18v10.00w2005-05-24yBK c3640d3640